[Event "SRI-ch Dini"]
[Site "Colombo"]
[Date "2024.07.31"]
[Round "4"]
[White "Neelash, Saha"]
[Black "Subasinghe, KRVR"]
[Result "0-1"]
[WhiteElo "2481"]
[BlackElo "1937"]
[PlyCount "168"]
[EventDate "2024.07.29"]
[EventType "swiss"]
[EventRounds "10"]
[EventCountry "SRI"]
[SourceTitle "CBM 221 Extra"]
[Source "ChessBase"]
[SourceDate "2024.09.30"]
[SourceVersion "1"]
[SourceVersionDate "2024.09.30"]
[SourceQuality "1"]

1. d4 e6 2. c4 b6 3. e4 Bb7 4. Bd3 Bb4+ 5. Kf1 Qh4 6. a3 Bf8 7. Nc3 h5 8. Be3 Qd8 9. Nf3 d6 10. Qc2 Nd7 11. Rd1 h4 12. h3 Qc8 13. g3 hxg3 14. fxg3 Ngf6 15. Kg2 Be7 16. Qe2 a6 17. Bf4 Nh5 18. Bc1 c5 19. d5 e5 20. Rdf1 Qc7 21. Ng5 Nhf6 22. h4 Nf8 23. Qd1 Bc8 24. Be2 Bd7 25. h5 N8h7 26. h6 g6 27. Qd3 Nxg5 28. Bxg5 Nh7 29. Be3 Qd8 30. Bd1 0-0 31. Ba4 Bxa4 32. Nxa4 Rb8 33. b4 Qd7 34. Nc3 Kh8 35. Rf2 Qg4 36. Rb1 cxb4 37. Rxb4 Bh4 38. Bd2 Bg5 39. Qf3 Qxf3+ 40. Kxf3 a5 41. Rb3 f5 42. Kg2 f4 43. Nb5 f3+ 44. Kf1 Bxd2 45. Rxd2 Rf6 46. Nc3 Ng5 47. Rdb2 Rc8 48. Rxb6 Rxc4 49. Rc6 Rxc3 50. Rxc3 Nxe4 51. Re3 Nxg3+ 52. Kf2 Nh1+ 53. Kg1 Ng3 54. Kf2 Nh1+ 55. Ke1 Ng3 56. Rf2 e4 57. Rh2 Rf4 58. Rb3 Rf8 59. Re3 Rf4 60. Rc3 Rf8 61. Kf2 Nf5 62. Rc4 Re8 63. Rh1 Kh7 64. Re1 e3+ 65. Kxf3 Kxh6 66. Kf4 Re5 67. Rc7 g5+ 68. Kf3 Nd4+ 69. Kg2 e2 70. Rc4 Re4 71. Kf2 Kg6 72. Rc3 Kf5 73. Rec1 Kf4 74. Rc8 g4 75. Rf8+ Nf5 76. Re1 g3+ 77. Kg2 Re5 78. Rf6 Ke3 79. Rb1 Kd3 80. Re6 Kc2 81. Ra1 Kd2 82. Ra2+ Kd3 83. Ra1 Ne3+ 84. Kf3 Rf5+ 0-1

[Event "SRI-ch Dini"]
[Site "Colombo"]
[Date "2024.07.29"]
[Round "1"]
[White "Subasinghe, KRVR"]
[Black "Deepan Chakkravarthy, J."]
[Result "0-1"]
[WhiteElo "1937"]
[BlackElo "2423"]
[PlyCount "50"]
[EventDate "2024.07.29"]
[EventType "swiss"]
[EventRounds "10"]
[EventCountry "SRI"]
[SourceTitle "CBM 221 Extra"]
[Source "ChessBase"]
[SourceDate "2024.09.30"]
[SourceVersion "1"]
[SourceVersionDate "2024.09.30"]
[SourceQuality "1"]

1. e4 c5 2. Nc3 Nc6 3. b3 g6 4. Nf3 Bg7 5. Bb2 e6 6. Bb5 Nge7 7. 0-0 0-0 8. Re1 d6 9. a3 h6 10. Bd3 e5 11. Be2 f5 12. d3 Be6 13. Rb1 Rc8 14. Qd2 g5 15. exf5 Nxf5 16. h3 Ncd4 17. Bd1 Qd7 18. Nxd4 cxd4 19. Ne4 Nh4 20. f3 Bxh3 21. gxh3 Rxf3 22. Rf1 Rxf1+ 23. Kxf1 Qxh3+ 24. Kg1 Rf8 25. Bh5 g4 0-1

[Event "Kurunegala op 11th"]
[Site "Kurunegala"]
[Date "2019.11.30"]
[Round "2"]
[White "Disarie, PGWM Thawinsa"]
[Black "Subasinghe, KRVR"]
[Result "0-1"]
[WhiteElo "1071"]
[BlackElo "2009"]
[PlyCount "84"]
[EventDate "2019.11.30"]
[EventType "swiss"]
[EventRounds "10"]
[EventCountry "SRI"]
[SourceTitle "CBM 193 Extra"]
[Source "ChessBase"]
[SourceDate "2020.01.31"]
[SourceVersion "1"]
[SourceVersionDate "2020.01.31"]
[SourceQuality "1"]

1. e4 e5 2. Nf3 Nc6 3. Bc4 Bc5 4. c3 Nf6 5. d4 exd4 6. cxd4 Bb4+ 7. Bd2 Bxd2+ 8. Nbxd2 d6 9. Ng5 0-0 10. Ndf3 d5 11. exd5 Re8+ 12. Be2 Qxd5 13. 0-0 h6 14. Nh3 Bxh3 15. gxh3 Qe6 16. Ne5 Nxe5 17. dxe5 Qxe5 18. Bf3 Rad8 19. Qc2 c6 20. Rae1 Qf4 21. Bg2 g6 22. Kh1 Rxe1 23. Rxe1 Rd2 24. Qc1 Qxf2 25. Rg1 Nh5 26. Qf1 Qxf1 27. Rxf1 Rxb2 28. a3 g5 29. Kg1 Nf4 30. Be4 Nxh3+ 31. Kh1 Nf2+ 32. Kg2 Nxe4+ 33. Kf3 Nd2+ 34. Ke2 Nxf1+ 35. Kxf1 f5 36. h3 f4 37. a4 f3 38. a5 Re2 39. Kg1 c5 40. h4 g4 41. Kh1 g3 42. h5 Re1# 0-1

[Event "Negambo op 4th"]
[Site "Negambo"]
[Date "2018.08.19"]
[Round "7"]
[White "Subasinghe, KRVR"]
[Black "Liyanage, Ranindu Dilshan"]
[Result "1-0"]
[WhiteElo "2030"]
[BlackElo "1989"]
[PlyCount "160"]
[EventDate "2018.08.16"]
[EventType "swiss"]
[EventRounds "10"]
[EventCountry "SRI"]
[SourceTitle "CBM 186 Extra"]
[Source "ChessBase"]
[SourceDate "2018.08.24"]
[SourceVersion "1"]
[SourceVersionDate "2018.08.24"]
[SourceQuality "1"]

1. e4 c5 2. d4 cxd4 3. c3 dxc3 4. Nxc3 Nc6 5. Nf3 d6 6. Bc4 a6 7. 0-0 Nf6 8. h3 e6 9. Qe2 b5 10. Bb3 Na5 11. Bc2 b4 12. Na4 Bd7 13. Rd1 Bb5 14. Qe1 Rc8 15. Bb3 Qc7 16. Bg5 Nc6 17. Rac1 Qa5 18. Bd2 Rb8 19. Nc3 bxc3 20. Bxc3 Qc7 21. a4 Be2 22. Qxe2 Rxb3 23. Qc4 Qb7 24. Bxf6 gxf6 25. Qxc6+ Qxc6 26. Rxc6 Rxb2 27. Rxa6 Rb7 28. Nd4 Kd7 29. Nb5 Be7 30. Nxd6 Bxd6 31. Rdxd6+ Ke7 32. Rd2 Rc8 33. Ra5 Rc4 34. f3 Kf8 35. Kh2 Rc3 36. Ra2 Rbb3 37. Ra8+ Kg7 38. a5 Ra3 39. Rxa3 Rxa3 40. a6 h6 41. Kg3 Ra5 42. Kf4 Ra3 43. Kg3 Ra2 44. a7 Kh7 45. f4 Ra3+ 46. Kf2 Kg7 47. g4 Ra6 48. Ke3 Ra3+ 49. Kd4 Ra4+ 50. Kc5 Ra5+ 51. Kd6 Ra2 52. h4 Ra6+ 53. Ke7 Ra3 54. e5 fxe5 55. fxe5 Ra6 56. g5 h5 57. Kd7 Kh7 58. Kc7 Ra1 59. Kb6 Rb1+ 60. Kc6 Ra1 61. Rd8 Rxa7 62. Rd7 Ra5 63. Rxf7+ Kg8 64. Rf6 Rxe5 65. Rh6 Ra5 66. Rxh5 e5 67. Kb6 Rd5 68. Rh6 Kg7 69. Kc6 Ra5 70. Kb6 Rd5 71. Re6 Kf7 72. Rf6+ Kg7 73. Kc6 Ra5 74. Kd6 e4 75. Rf4 e3 76. Re4 Ra3 77. Ke5 Kg6 78. Kf4 Ra1 79. Re6+ Kg7 80. Rxe3 Rh1 1-0

[Event "Negombo op 3rd"]
[Site "Negambo"]
[Date "2017.08.23"]
[Round "7"]
[White "Subasinghe, KRVR"]
[Black "Kumara, CMS Praneeth"]
[Result "1/2-1/2"]
[WhiteElo "2014"]
[BlackElo "1775"]
[PlyCount "21"]
[EventDate "2017.08.20"]
[EventType "swiss"]
[EventRounds "10"]
[EventCountry "SRI"]
[SourceTitle "CBM 180 Extra"]
[Source "ChessBase"]
[SourceDate "2017.10.06"]
[SourceVersion "1"]
[SourceVersionDate "2017.10.06"]
[SourceQuality "1"]

1. e4 e5 2. Nf3 Nf6 3. Nc3 Nc6 4. Bb5 Bb4 5. Bxc6 dxc6 6. d3 Bxc3+ 7. bxc3 Bg4 8. h3 Bxf3 9. Qxf3 h6 10. 0-0 Qe7 11. a4 1/2-1/2

[Event "Negombo op 3rd"]
[Site "Negambo"]
[Date "2017.08.21"]
[Round "3"]
[White "Subasinghe, KRVR"]
[Black "Martinus, Hettiarachchige Don"]
[Result "1-0"]
[WhiteElo "2014"]
[BlackElo "1275"]
[PlyCount "99"]
[EventDate "2017.08.20"]
[EventType "swiss"]
[EventRounds "10"]
[EventCountry "SRI"]
[SourceTitle "CBM 180 Extra"]
[Source "ChessBase"]
[SourceDate "2017.10.06"]
[SourceVersion "1"]
[SourceVersionDate "2017.10.06"]
[SourceQuality "1"]

1. e4 e5 2. Nf3 Nc6 3. Bc4 Nf6 4. 0-0 Bc5 5. c3 d6 6. d4 exd4 7. cxd4 Bb6 8. d5 Ne5 9. Nxe5 dxe5 10. Bg5 Qd6 11. Nc3 a6 12. Qf3 h6 13. Be3 Bg4 14. Qg3 h5 15. Bxb6 h4 16. Bxc7 Qxc7 17. Qd3 Rc8 18. Bb3 0-0 19. h3 Bd7 20. Qe3 b5 21. Rac1 Qd6 22. Nb1 Nh5 23. Rxc8 Rxc8 24. Qg5 Nf4 25. Kh2 Ng6 26. Nd2 Qb4 27. Qe3 a5 28. a3 Qe7 29. Rb1 Nf4 30. Nf3 g5 31. Rc1 Rxc1 32. Qxc1 g4 33. hxg4 Bxg4 34. Qc3 h3 35. Qxe5 Qxe5 36. Nxe5 Bh5 37. g3 Ng6 38. Nxg6 Bxg6 39. d6 Kf8 40. Bd5 f6 41. f4 Be8 42. Kxh3 b4 43. e5 fxe5 44. fxe5 bxa3 45. bxa3 Bb5 46. Kg4 Be2+ 47. Kf5 Bf1 48. Kf6 Bh3 49. Be6 Bg2 50. d7 1-0

[Event "Asia Cup"]
[Site "Abu Dhabi"]
[Date "2016.04.03"]
[Round "7.4"]
[White "Subasinghe, KRVR"]
[Black "Bilguun, Sumiya"]
[Result "1-0"]
[WhiteElo "1984"]
[BlackElo "2363"]
[PlyCount "238"]
[EventDate "2016.03.28"]
[EventType "team-swiss"]
[EventRounds "9"]
[EventCountry "UAE"]
[SourceTitle "CBM 171 Extra"]
[Source "ChessBase"]
[SourceDate "2016.04.26"]
[SourceVersion "1"]
[SourceVersionDate "2016.04.26"]
[SourceQuality "1"]
[WhiteTeam "Sri Lanka"]
[BlackTeam "Mongolia"]
[WhiteTeamCountry "SRI"]
[BlackTeamCountry "MGL"]

1. e4 c5 2. b3 Nf6 3. d3 Nc6 4. Bb2 e5 5. Nd2 d6 6. Ne2 g6 7. Ng3 Bg7 8. Be2 h5 9. Ngf1 d5 10. exd5 Nxd5 11. Bf3 Bh6 12. Bxd5 Qxd5 13. Ne4 Qd8 14. Ne3 f5 15. Nd2 Be6 16. 0-0 Qc7 17. Nec4 0-0-0 18. Re1 Bxc4 19. Nxc4 Rhe8 20. Qf3 h4 21. a4 Kb8 22. Rab1 Bg7 23. Qe3 Nb4 24. Re2 Nd5 25. Qg5 Bf6 26. Qd2 Nf4 27. Re3 Nd5 28. Re2 e4 29. Bxf6 Nxf6 30. h3 f4 31. Rbe1 e3 32. fxe3 Ne4 33. dxe4 Rxd2 34. Rxd2 f3 35. e5 Rxe5 36. Nxe5 Qxe5 37. Rf2 Qg3 38. e4 g5 39. Re3 Qe5 40. Rfxf3 a5 41. Re2 c4 42. bxc4 Qd4+ 43. Rfe3 Qe5 44. Kh1 Ka7 45. Re1 Kb8 46. Rb3 Kc8 47. Rd3 Kb8 48. c3 Kc7 49. Ree3 Kb8 50. Rd4 Qf4 51. Rf3 Qc1+ 52. Kh2 Qe1 53. Rd5 Qxe4 54. Rxg5 Qxc4 55. Rg4 Qc7+ 56. Rff4 Qxc3 57. Rxh4 Qe5 58. Rhg4 b5 59. axb5 a4 60. Kg1 Qe3+ 61. Kh2 Qe5 62. Kg1 Qe3+ 63. Rf2 a3 64. Ra4 Kb7 65. Ra6 Kc7 66. h4 Kc8 67. Rc6+ Kb7 68. Rcc2 Kb6 69. Kh2 Qe5+ 70. g3 Kxb5 71. Ra2 Qe3 72. Kg2 Qb3 73. Rac2 Qd5+ 74. Kh2 Kb4 75. Rcd2 Qe5 76. Rf4+ Kc3 77. Ra2 Kb3 78. Rff2 Qe3 79. Rae2 Qd3 80. Kh3 Kc3 81. Kg2 Qd5+ 82. Kh2 Qd3 83. Kh3 Kb3 84. h5 Kc3 85. Kh2 Qd6 86. Re3+ Kb4 87. Ra2 Qd5 88. Raxa3 Qxh5+ 89. Kg1 Qd1+ 90. Kf2 Qh1 91. Rad3 Qh2+ 92. Kf3 Qh1+ 93. Kg4 Kc4 94. Rd2 Qh7 95. Rde2 Qg6+ 96. Kf3 Qf7+ 97. Kg2 Qg7 98. Re4+ Kd5 99. g4 Qh8 100. Kg3 Qh1 101. Re5+ Kd6 102. g5 Qh5 103. Re6+ Kd7 104. R2e5 Qd1 105. g6 Qd4 106. Re4 Qa1 107. Kf4 Qg1 108. Kf5 Qf2+ 109. Kg5 Qg1+ 110. Kf6 Qf2+ 111. Kg7 Qb2+ 112. Kg8 Qa2 113. g7 Qd5 114. R4e5 Qd3 115. Kf7 Qh7 116. Rg6 Kc7 117. Ree6 Kd8 118. Kf8 Kd7 119. g8Q Qe7+ 1-0

[Event "Asia Cup"]
[Site "Abu Dhabi"]
[Date "2016.03.30"]
[Round "3.4"]
[White "Rahman, Md Taibur"]
[Black "Subasinghe, KRVR"]
[Result "0-1"]
[WhiteElo "2330"]
[BlackElo "1984"]
[PlyCount "108"]
[EventDate "2016.03.28"]
[EventType "team-swiss"]
[EventRounds "9"]
[EventCountry "UAE"]
[SourceTitle "CBM 171 Extra"]
[Source "ChessBase"]
[SourceDate "2016.04.26"]
[SourceVersion "1"]
[SourceVersionDate "2016.04.26"]
[SourceQuality "1"]
[WhiteTeam "Bangladesh"]
[BlackTeam "Sri Lanka"]
[WhiteTeamCountry "BAN"]
[BlackTeamCountry "SRI"]

1. d4 b6 2. e4 Bb7 3. Bd3 e6 4. Nf3 d6 5. 0-0 Ne7 6. Bg5 h6 7. Bh4 Nd7 8. Nbd2 g5 9. Bg3 Bg7 10. c3 Ng6 11. Nc4 0-0 12. Re1 g4 13. Nfd2 h5 14. f3 h4 15. Bf2 Nf4 16. Bf1 f5 17. fxg4 fxe4 18. g3 Ng6 19. Ne3 Qf6 20. Qe2 d5 21. Ng2 Ba6 22. g5 Qf5 23. Qe3 Bxf1 24. Rxf1 Qg4 25. gxh4 Rf3 26. Nxf3 exf3 27. Bg3 fxg2 28. Rf2 e5 29. dxe5 Ngxe5 30. Qf4 Qxf4 31. Rxf4 c6 32. Kxg2 Nd3 33. Rf5 Nxb2 34. Re1 Nc5 35. Re7 Bxc3 36. h5 Ne4 37. h6 Nc4 38. Rff7 Nxg5 39. Rg7+ Bxg7 40. Rxg7+ Kh8 41. Rxg5 Rg8 42. h4 Kh7 43. Kf3 Nd2+ 44. Kg4 Ne4 45. Rxg8 Kxg8 46. Bb8 a6 47. Kf5 Kh7 48. Bf4 Nc3 49. Ke5 Nxa2 50. Be3 b5 51. Bd2 b4 52. Kd4 c5+ 53. Kd3 b3 54. Bf4 c4+ 0-1

[Event "SRI-ch"]
[Site "Malabe"]
[Date "2015.07.13"]
[Round "13"]
[White "Subasinghe, KRVR"]
[Black "Doluweera, Minul Sanjula"]
[Result "1/2-1/2"]
[WhiteElo "1874"]
[BlackElo "2042"]
[PlyCount "61"]
[EventDate "2015.07.04"]
[EventType "tourn"]
[EventRounds "13"]
[EventCountry "SRI"]
[SourceTitle "CBM 167 Extra"]
[Source "ChessBase"]
[SourceDate "2015.09.14"]
[SourceVersion "1"]
[SourceVersionDate "2015.09.14"]
[SourceQuality "1"]

1. e4 c6 2. d4 d5 3. exd5 cxd5 4. c3 Nc6 5. Bd3 Nf6 6. Nf3 Bg4 7. h3 Bh5 8. Nbd2 e6 9. 0-0 Qc7 10. Re1 Bd6 11. Nf1 Bg6 12. Be3 Rb8 13. Ne5 Bxd3 14. Nxd3 0-0 15. Nd2 Na5 16. Ne5 b5 17. Bg5 Nd7 18. Nxd7 Qxd7 19. Qg4 f5 20. Qe2 Rfe8 21. Nf3 h6 22. Bc1 Qc7 23. Qd3 b4 24. Bd2 Nc4 25. Rab1 Nxd2 26. Nxd2 bxc3 27. bxc3 Rxb1 28. Rxb1 Rc8 29. Rb3 Bf4 30. g3 Bxd2 31. Qxd2 1/2-1/2

[Event "SRI-ch"]
[Site "Malabe"]
[Date "2015.07.05"]
[Round "3"]
[White "Piyumantha, M Sasith Nipun"]
[Black "Subasinghe, KRVR"]
[Result "0-1"]
[WhiteElo "1928"]
[BlackElo "1874"]
[PlyCount "68"]
[EventDate "2015.07.04"]
[EventType "tourn"]
[EventRounds "13"]
[EventCountry "SRI"]
[SourceTitle "CBM 167 Extra"]
[Source "ChessBase"]
[SourceDate "2015.09.14"]
[SourceVersion "1"]
[SourceVersionDate "2015.09.14"]
[SourceQuality "1"]

1. d4 d5 2. c4 c6 3. Nf3 Nf6 4. Bf4 e6 5. e3 Be7 6. h3 dxc4 7. Bxc4 a6 8. 0-0 b5 9. Bd3 Bb7 10. a4 0-0 11. axb5 cxb5 12. Nbd2 Nbd7 13. Bg5 Re8 14. Bxf6 Bxf6 15. Be4 Qb6 16. Bxb7 Qxb7 17. Nb3 e5 18. dxe5 Nxe5 19. Nxe5 Bxe5 20. Nc5 Qc6 21. Nd3 Bf6 22. Qe2 h6 23. Rac1 Qd6 24. Rc2 Rac8 25. Rfc1 Rxc2 26. Qxc2 Rd8 27. Rd1 Qd5 28. Rd2 Qc4 29. Qd1 a5 30. Ne1 Rxd2 31. Qxd2 b4 32. Nd3 b3 33. Ne1 a4 34. f3 a3 0-1

[Event "World ol U16 09th"]
[Site "Burdur"]
[Date "2010.12.02"]
[Round "8"]
[White "Janzekovic, Klemen Tilen"]
[Black "Subasinghe, KRVR"]
[Result "1-0"]
[WhiteElo "1897"]
[BlackElo "1908"]
[PlyCount "115"]
[EventDate "2010.11.27"]
[EventType "team-swiss"]
[EventRounds "10"]
[EventCountry "TUR"]
[SourceTitle "CBM 139 Extra"]
[Source "ChessBase"]
[SourceDate "2011.01.05"]
[SourceVersion "1"]
[SourceVersionDate "2011.01.05"]
[SourceQuality "1"]
[WhiteTeam "Slovenia"]
[BlackTeam "Sri Lanka"]
[WhiteTeamCountry "SLO"]
[BlackTeamCountry "SRI"]

1. e4 e5 2. Nf3 Nc6 3. Bb5 a6 4. Ba4 Nf6 5. 0-0 b5 6. Bb3 Be7 7. Re1 0-0 8. a4 Bb7 9. axb5 axb5 10. Rxa8 Bxa8 11. c3 d6 12. d3 b4 13. Nbd2 Nd7 14. Nf1 Bb7 15. Ng3 Nb6 16. Nf5 Bf6 17. g4 Bc8 18. g5 Be7 19. h4 bxc3 20. bxc3 Bxf5 21. exf5 Qd7 22. f6 gxf6 23. gxf6 Bxf6 24. Kh2 d5 25. Rg1+ Kh8 26. Ng5 Qf5 27. Qh5 Qg6 28. Qf3 Bxg5 29. Bxg5 f6 30. Be3 e4 31. Qf4 Qe8 32. dxe4 Qxe4 33. Qxc7 Qe5+ 34. Bf4 Nd7 35. Rd1 Rc8 36. Bxd5 Nf8 37. Bxe5 Nxe5 38. Qa5 Nfg6 39. Kg3 Rc7 40. Ra1 Ne7 41. Qb4 Kg7 42. Ra8 Kh6 43. Qxe7 Rxe7 44. Rf8 Rc7 45. Rxf6+ Kg7 46. Rf5 Rxc3+ 47. Kf4 Nd3+ 48. Ke4 Nb4 49. Kd4 Nxd5 50. Kxd5 Kg6 51. Rg5+ Kf6 52. f4 h6 53. Re5 Rg3 54. Ke4 Rg1 55. Ra5 Re1+ 56. Kf3 Rg1 57. Ra6+ Kg7 58. h5 1-0

[Event "World ol U16 09th"]
[Site "Burdur"]
[Date "2010.11.27"]
[Round "1"]
[White "Subasinghe, KRVR"]
[Black "Yashas, Devappa"]
[Result "0-1"]
[WhiteElo "1908"]
[BlackElo "2214"]
[PlyCount "64"]
[EventDate "2010.11.27"]
[EventType "team-swiss"]
[EventRounds "10"]
[EventCountry "TUR"]
[SourceTitle "CBM 139 Extra"]
[Source "ChessBase"]
[SourceDate "2011.01.05"]
[SourceVersion "1"]
[SourceVersionDate "2011.01.05"]
[SourceQuality "1"]
[WhiteTeam "Sri Lanka"]
[BlackTeam "India"]
[WhiteTeamCountry "SRI"]
[BlackTeamCountry "IND"]

1. e4 c5 2. Nc3 Nc6 3. f4 g6 4. Nf3 Bg7 5. Bb5 Nd4 6. Bc4 e6 7. d3 Ne7 8. e5 d5 9. exd6 Qxd6 10. Ne4 Qc7 11. c3 Nxf3+ 12. Qxf3 0-0 13. Be3 b6 14. Nxc5 bxc5 15. Qxa8 Nc6 16. Bxc5 Bb7 17. Bxf8 Bxa8 18. Bxg7 Kxg7 19. 0-0 Na5 20. Bb3 Qb6+ 21. Rf2 Qe3 22. Bc2 Nb7 23. Kf1 Qb6 24. b4 Nd6 25. Re1 Nf5 26. d4 Qa6+ 27. Kg1 Qc4 28. Bxf5 Qxc3 29. Re5 gxf5 30. Ra5 Qxd4 31. a3 Bd5 32. h3 Qe3 0-1